Basis engineering for builders

Na minha lista:
Detalhes bibliográficos
Autor principal: Schwartz, Max
Formato: online
Idioma:English
Publicado em: Oxford University Press 2007
Assuntos:
Tags: Adicionar Tag
Sem tags, seja o primeiro a adicionar uma tag!
Thư viện lưu trữ: Mạng thư viện Đại học Đà Nẵng
LEADER 01011ca a2200313 4500
001 000030492
003 4073
005 20151016000000.0
008 151001s2007 000 eng
020 |a 0934041830 
041 |a eng 
082 |a 420.62  |b SC-M 
100 |a Schwartz, Max 
245 |a Basis engineering for builders  |c Max Schwartz 
260 |a Oxford University Press  |c 2007 
300 |a 383p. : ill ; 30cm 
650 |a Basis builders, builder, Max Schwartz, 2007 
852 |b Chuyên đề  |c Dự án TRIG 
OWN |a LNN 
AVA |a UDN50  |b LNN  |d 420.62 SC-M  |e available  |t Error 5001 Not defined in file expand_doc_bib_avail.  |f 3  |g 0  |h N  |i 0  |k 1 
999 |a From the UDN01 
AVA |a UDN50  |b LNN  |d 420.62 SC-M  |e available  |t Error 5001 Not defined in file expand_doc_bib_avail.  |f 3  |g 0  |h N  |i 0  |k 1 
980 |a Mạng thư viện Đại học Đà Nẵng